[Event "Outaouais-ch U20"]
[Site "Gatineau CAN"]
[Date "2023.10.07"]
[Round "4"]
[White "Nasr, Ziad"]
[Black "Filion, Samuel"]
[Result "0-1"]
[WhiteElo "1556"]
[BlackElo "1492"]
[PlyCount "84"]
[EventDate "2023.09.12"]
[EventType "tourn"]
[EventRounds "5"]
[EventCountry "CAN"]

1. c4 c6 2. e3 d5 3. d4 Nf6 4. Nc3 Bf5 5. cxd5 cxd5 6. Bd3 Bg6 7. Bxg6 hxg6 8.
Nf3 e6 9. Qd3 Nc6 10. a3 a6 11. Bd2 Bd6 12. Rc1 Rc8 13. b4 b5 14. Ke2 Nd7 15.
e4 Nb6 16. e5 Be7 17. Nxb5 axb5 18. Qxb5 Nc4 19. Rc3 Qc7 20. Qa4 Qb6 21. Ra1
O-O 22. Be3 Nxe3 23. Rxe3 Nxd4+ 24. Nxd4 Qxd4 25. Rd1 Qc4+ 26. Ke1 Bc5 27. Re2
Bd4 28. Rb1 Bxe5 29. Qb3 Bc3+ 30. Kf1 d4 31. Qxc4 Rxc4 32. b5 Rb8 33. Re4 Ra4
34. Rb3 Ra5 35. Re5 Kf8 36. f4 Ke7 37. b6 Rxe5 38. fxe5 Kd7 39. Ke2 Kc6 40. Rb1
Rxb6 41. Rf1 Rb7 42. Kd3 Kd5 0-1

[Event "Outaouais-ch U20"]
[Site "Gatineau CAN"]
[Date "2023.10.17"]
[Round "5"]
[White "Ethier, Emile"]
[Black "Filion, Samuel"]
[Result "1-0"]
[WhiteElo "1577"]
[BlackElo "1492"]
[PlyCount "71"]
[EventDate "2023.09.12"]
[EventType "tourn"]
[EventRounds "5"]
[EventCountry "CAN"]

1. d4 d5 2. c4 c6 3. cxd5 cxd5 4. Nc3 Bf5 5. Qb3 Qd7 6. Qxd5 Qxd5 7. Nxd5 Na6
8. e3 O-O-O 9. Bxa6 bxa6 10. Nb4 Be4 11. f3 Bb7 12. Bd2 e5 13. Ne2 e4 14. Rc1+
Kb8 15. Nc6+ Bxc6 16. Rxc6 Kb7 17. Rc4 Nf6 18. Kf2 Bd6 19. Rhc1 exf3 20. gxf3
Nd5 21. e4 Nb6 22. Rc6 f6 23. h3 Rhf8 24. Bf4 Bxf4 25. Nxf4 Rf7 26. Ne6 Re8 27.
d5 a5 28. Rc7+ Rxc7 29. Rxc7+ Kb8 30. Rxg7 f5 31. Rxh7 fxe4 32. fxe4 Nc4 33. b3
Nd6 34. Kf3 Nb5 35. Rf7 Nd6 36. Rf8 1-0

[Event "Outaouais-ch U20"]
[Site "Gatineau CAN"]
[Date "2023.10.19"]
[Round "5"]
[White "Nasr, Marwan"]
[Black "Godbout, Elliott"]
[Result "1/2-1/2"]
[WhiteElo "1751"]
[BlackElo "1498"]
[PlyCount "48"]
[EventDate "2023.09.12"]
[EventType "tourn"]
[EventRounds "5"]
[EventCountry "CAN"]

1. Nf3 d5 2. b3 Nf6 3. Bb2 e6 4. d4 Be7 5. e3 c5 6. Bd3 Nc6 7. O-O O-O 8. a3 b6
9. Nbd2 Bb7 10. c4 cxd4 11. exd4 Rc8 12. Qe2 Re8 13. Ne5 dxc4 14. Nxc6 Bxc6 15.
Bxc4 Bd5 16. Rac1 Bd6 17. h3 Qe7 18. b4 Bf4 19. Bb5 Rxc1 20. Rxc1 Rd8 21. g3
Bxd2 22. Qxd2 Ne4 23. Qf4 Qg5 24. Qxg5 Nxg5 1/2-1/2

[Event "Paul Keres mem (47th)"]
[Site "Richmond CAN"]
[Date "2023.05.20"]
[Round "1.1"]
[White "Orlov, Georgi"]
[Black "Mohammed Qanee, Arpak Worya"]
[Result "1-0"]
[WhiteElo "2494"]
[BlackElo "2049"]
[PlyCount "103"]
[EventDate "2023.05.20"]
[EventType "swiss"]
[EventRounds "6"]
[EventCountry "CAN"]

1. d4 Nf6 2. Nf3 c5 3. c4 cxd4 4. Nxd4 e5 5. Nb5 Bc5 6. Nd6+ Ke7 7. Nf5+ Kf8 8.
Ne3 d6 9. Nc3 Be6 10. Ned5 Bxd5 11. Nxd5 Nc6 12. e3 Nxd5 13. Qxd5 Qb6 14. Be2
Ne7 15. Qd3 f5 16. O-O Kf7 17. b4 Qxb4 18. Rb1 e4 19. Qc2 Qa5 20. f3 exf3 21.
Rxb7 Bxe3+ 22. Bxe3 fxe2 23. Qxe2 Rhe8 24. Bg5 Qc5+ 25. Kh1 Qe5 26. Re1 Qxe2
27. Rxe2 Rab8 28. Rxb8 Rxb8 29. Rxe7+ Kg6 30. h4 a5 31. Re6+ Kh5 32. Rxd6 Rb2
33. Rd2 Rb1+ 34. Kh2 Rc1 35. Rd7 Rxc4 36. Rxg7 Ra4 37. Kh3 Rxa2 38. Rxh7+ Kg6
39. Rh6+ Kg7 40. Rf6 a4 41. Rxf5 Rc2 42. Ra5 Rc4 43. h5 Rb4 44. Ra7+ Kg8 45. h6
Rb3+ 46. g3 Rb6 47. Kh4 a3 48. Rxa3 Rb7 49. Kh5 Kh7 50. Re3 Rb8 51. Re7+ Kg8
52. h7+ 1-0

[Event "Paul Keres mem (47th)"]
[Site "Richmond CAN"]
[Date "2023.05.20"]
[Round "1.2"]
[White "Aljo, Johan"]
[Black "Nunez Asencio, Jorge"]
[Result "0-1"]
[WhiteElo "2029"]
[BlackElo "2333"]
[PlyCount "90"]
[EventDate "2023.05.20"]
[EventType "swiss"]
[EventRounds "6"]
[EventCountry "CAN"]

1. d4 d5 2. c4 dxc4 3. e3 Nf6 4. Bxc4 e6 5. Nf3 a6 6. O-O Nbd7 7. a4 b6 8. Nc3
Bb7 9. Re1 Bb4 10. Bd2 O-O 11. Ne4 Be7 12. Nxf6+ Bxf6 13. Qe2 c5 14. Bc3 cxd4
15. exd4 Qc7 16. Ne5 Rfc8 17. Bd3 Nf8 18. Rac1 Ng6 19. Be4 Nf4 20. Qf3 Bxe4 21.
Qxe4 Nd5 22. Bd2 Qd6 23. h4 Ne7 24. Be3 Qb4 25. Nd3 Qxa4 26. Rc7 Nd5 27. Rxc8+
Rxc8 28. Nf4 Nxf4 29. Qxf4 Qb4 30. Re2 Qb5 31. Rd2 Qd5 32. Qg4 h5 33. Qg3 Qe4
34. Bg5 Bxd4 35. Kh2 e5 36. Bf6 Qg4 37. Qxg4 hxg4 38. Be7 f5 39. b4 Kf7 40. Bg5
Rc4 41. Ra2 Rxb4 42. Rxa6 Bxf2 43. Ra7+ Kg6 44. Re7 f4 45. Re6+ Kf5 0-1

[Event "Paul Keres mem (47th)"]
[Site "Richmond CAN"]
[Date "2023.05.20"]
[Round "1.3"]
[White "Mackinnon, Keith"]
[Black "Qu, Leo"]
[Result "1-0"]
[WhiteElo "2319"]
[BlackElo "2011"]
[PlyCount "121"]
[EventDate "2023.05.20"]
[EventType "swiss"]
[EventRounds "6"]
[EventCountry "CAN"]

1. c4 Nf6 2. Nc3 g6 3. e4 d6 4. d4 Bg7 5. h3 O-O 6. Bg5 h6 7. Be3 e5 8. d5 a5
9. g4 Na6 10. Nf3 Nc5 11. Nd2 c6 12. Rg1 a4 13. a3 Qa5 14. Qc2 Bd7 15. Be2 Rfc8
16. h4 cxd5 17. cxd5 Nb3 18. Nxb3 axb3 19. Qd3 b5 20. Bd2 Qb6 21. g5 hxg5 22.
hxg5 Nh7 23. Nd1 Ra4 24. Rg3 Nf8 25. Bb4 Rc4 26. Qb1 Rc8 27. Rxb3 f5 28. gxf6
Bxf6 29. Qd3 Bh4 30. Qe3 Qb8 31. Rc1 Rxc1 32. Qxc1 Kg7 33. Rc3 Ra7 34. Ne3 Nh7
35. Bg4 Bg5 36. Bxd7 Rxd7 37. Rc6 Qd8 38. Ke2 Bf4 39. Qg1 Bxe3 40. Kxe3 Nf6 41.
Qg3 Nh5 42. Qg4 Nf4 43. Ba5 Qe7 44. Qxd7 Qxd7 45. Rc7 Qf7 46. Kd2 Kf6 47. Rxf7+
Kxf7 48. Kc3 Ke7 49. Bb6 Nh3 50. Be3 Kd7 51. Kb4 Kc7 52. Kxb5 g5 53. a4 g4 54.
a5 Nf4 55. Bb6+ Kb8 56. Kc6 Nd3 57. b3 Nc1 58. b4 Na2 59. Kxd6 Nxb4 60. Kxe5
Nd3+ 61. Kd6 1-0

[Event "Paul Keres mem (47th)"]
[Site "Richmond CAN"]
[Date "2023.05.20"]
[Round "1.4"]
[White "Patterson, Roger"]
[Black "Sali, Zulfikar"]
[Result "0-1"]
[WhiteElo "2004"]
[BlackElo "2290"]
[PlyCount "160"]
[EventDate "2023.05.20"]
[EventType "swiss"]
[EventRounds "6"]
[EventCountry "CAN"]

1. c4 Nf6 2. Nc3 g6 3. e4 d6 4. d4 Bg7 5. Nf3 O-O 6. Be2 Bg4 7. O-O c5 8. Be3
cxd4 9. Nxd4 Bxe2 10. Qxe2 Nc6 11. Rac1 a6 12. Rfd1 Qa5 13. Nb3 Qe5 14. f4 Qh5
15. Qxh5 Nxh5 16. c5 Bxc3 17. Rxc3 Nf6 18. Rc4 Rad8 19. cxd6 exd6 20. Bb6 Rd7
21. Kf2 Re8 22. Kf3 Rde7 23. Rxd6 Nxe4 24. Rd1 f5 25. Na5 g5 26. Nxc6 g4+ 27.
Ke3 bxc6 28. Kd3 Re6 29. Kc2 Kf7 30. Ra4 Ra8 31. Rd7+ Re7 32. Rad4 Ke6 33. Rd8
Rxd8 34. Rxd8 Rd7 35. Rxd7 Kxd7 36. Be3 Kd6 37. Kd3 Kd5 38. g3 h5 39. b3 Nf6
40. Bd4 Ng8 41. Bb6 Nf6 42. Bd4 Ne4 43. Be3 c5 44. Bg1 Nd6 45. Be3 Nc8 46. Bd2
Ne7 47. Bc3 h4 48. Bf6 hxg3 49. hxg3 Nc6 50. Bc3 Na7 51. Bd2 Nb5 52. Be3 Nd6
53. Bd2 c4+ 54. bxc4+ Nxc4 55. Bb4 Nb2+ 56. Kc3 Nd1+ 57. Kd3 Nf2+ 58. Ke3 Ne4
59. Be1 Kc4 60. a4 Nf6 61. Ke2 Kd4 62. Bf2+ Ke4 63. Be1 Nd5 64. a5 Ne7 65. Bf2
Nc6 66. Bb6 Nb4 67. Ba7 Kd5 68. Ke3 Kc4 69. Bb6 Nc6 70. Bc7 Kb5 71. Kd3 Nxa5
72. Kd4 Nc4 73. Kd5 Ne3+ 74. Ke5 a5 75. Bd8 a4 76. Be7 Kc4 77. Bf8 Kd3 78. Be7
Ke2 79. Bc5 Kf3 80. Kf6 a3 0-1

[Event "Paul Keres mem (47th)"]
[Site "Richmond CAN"]
[Date "2023.05.20"]
[Round "1.5"]
[White "Fuentebella, Mayo"]
[Black "Yang, Brian"]
[Result "1-0"]
[WhiteElo "2271"]
[BlackElo "1998"]
[PlyCount "91"]
[EventDate "2023.05.20"]
[EventType "swiss"]
[EventRounds "6"]
[EventCountry "CAN"]

1. c4 c5 2. Nc3 Nf6 3. Nf3 e6 4. d4 cxd4 5. Nxd4 Bb4 6. Ndb5 O-O 7. a3 Ba5 8.
b4 a6 9. Nd6 Bc7 10. e4 Ne8 11. Nxc8 Qxc8 12. Be3 Nc6 13. Rc1 Ne7 14. f4 f5 15.
e5 d6 16. exd6 Nxd6 17. Bd3 Ne4 18. Bxe4 fxe4 19. O-O Nf5 20. Qe2 e5 21. fxe5
Bxe5 22. Nxe4 Qc7 23. g3 Nxe3 24. Qxe3 Rxf1+ 25. Kxf1 Rf8+ 26. Kg2 Qc6 27. c5
Bb2 28. Re1 Re8 29. Qf3 Kh8 30. Rf1 h6 31. Nd6 Re2+ 32. Rf2 Rxf2+ 33. Kxf2 Qd7
34. Qxb7 Qh3 35. Qg2 Qe6 36. Qa8+ Kh7 37. Qe4+ Qxe4 38. Nxe4 Bd4+ 39. Ke2 Kg6
40. Kd3 Bg1 41. a4 Kf5 42. b5 axb5 43. a5 b4 44. a6 b3 45. a7 b2 46. Nd2 1-0

[Event "Paul Keres mem (47th)"]
[Site "Richmond CAN"]
[Date "2023.05.20"]
[Round "1.6"]
[White "Salcedo, Daniel E"]
[Black "Doknjas, Neil"]
[Result "0-1"]
[WhiteElo "1989"]
[BlackElo "2243"]
[PlyCount "70"]
[EventDate "2023.05.20"]
[EventType "swiss"]
[EventRounds "6"]
[EventCountry "CAN"]

1. d4 Nf6 2. c4 e6 3. Nc3 Bb4 4. e3 b6 5. Bd3 Bb7 6. Nf3 Ne4 7. Qc2 f5 8. O-O
Bxc3 9. bxc3 c5 10. Rd1 Qf6 11. a4 O-O 12. a5 d6 13. Rb1 Nd7 14. Rb3 e5 15. Be2
Bc6 16. Ra3 g5 17. d5 Bb7 18. Qa4 Qd8 19. Ne1 Rb8 20. f3 Nef6 21. Bd2 e4 22.
Rda1 exf3 23. gxf3 g4 24. Qc2 gxf3 25. Bxf3 Ne5 26. axb6 axb6 27. Ra4 Kh8 28.
Bg2 Ne4 29. Bxe4 fxe4 30. Qxe4 Qf6 31. Qf4 Qg6+ 32. Qg3 Qe4 33. Ra7 Rg8 34. Kf2
Rbf8+ 35. Qf4 Rxf4+ 0-1

[Event "Paul Keres mem (47th)"]
[Site "Richmond CAN"]
[Date "2023.05.20"]
[Round "1.7"]
[White "Jiang, Brandon"]
[Black "Wu, Nathan"]
[Result "1/2-1/2"]
[WhiteElo "2218"]
[BlackElo "1973"]
[PlyCount "181"]
[EventDate "2023.05.20"]
[EventType "swiss"]
[EventRounds "6"]
[EventCountry "CAN"]

1. e4 d5 2. exd5 Qxd5 3. Nc3 Qd6 4. d4 Nf6 5. h3 c6 6. Nf3 Bf5 7. Be2 Nbd7 8.
O-O e6 9. Nh4 Bg6 10. Bf3 Be7 11. Ne2 Nb6 12. a4 a5 13. c3 O-O 14. Nxg6 hxg6
15. Qb3 Nbd5 16. Bd2 Qc7 17. g3 Rfe8 18. Nc1 e5 19. dxe5 Qxe5 20. Qxb7 Rab8 21.
Qa6 Qc7 22. Rb1 Nd7 23. Nd3 N7b6 24. Nf4 Ra8 25. Nxd5 Nxd5 26. Qc4 Qd6 27. Rfd1
Qc5 28. Qf1 Bf6 29. Kg2 Rab8 30. Qd3 Rbd8 31. Qa6 Ra8 32. Qf1 Rab8 33. Rdc1
Rbd8 34. h4 Nb6 35. Be3 Rxe3 36. fxe3 Nc4 37. Kh1 Nd2 38. Qe2 Qf5 39. Bg2 Nxb1
40. g4 Qd3 41. Qxd3 Rxd3 42. Rxb1 Bxh4 43. Bxc6 Rxe3 44. c4 Rh3+ 45. Kg2 Rg3+
46. Kh2 Rxg4 47. Bd5 Rd4 48. b4 axb4 49. Rxb4 Be1 50. Rb8+ Kh7 51. Bxf7 g5 52.
Bg8+ Kg6 53. Rb1 Bd2 54. c5 Rxa4 55. c6 Bf4+ 56. Kh1 Ra7 57. Bd5 Rc7 58. Kg2
Kf6 59. Kf3 Re7 60. Rb3 Kg6 61. Be4+ Kf6 62. Rb6 Bc7 63. Rb4 Bf4 64. Ra4 Ke5
65. Ra5+ Kd6 66. Ra8 Ke5 67. Ra5+ Kd6 68. Ra4 Ke5 69. Kg4 Kf6 70. Ra6 Rc7 71.
Bf3 Ke5 72. Ra8 Kf6 73. Re8 Kf7 74. Rh8 Kf6 75. Be4 Ke5 76. Re8+ Kf6 77. Bd5
Re7 78. Rf8+ Ke5 79. Bf3 Rc7 80. Kh5 Kd6 81. Kg6 Rxc6 82. Bxc6 Kxc6 83. Kf5 Kd6
84. Rg8 Kd5 85. Rxg7 Kd6 86. Ke4 Ke6 87. Ra7 Bd6 88. Ra6 g4 89. Rxd6+ Kxd6 90.
Kf4 g3 91. Kxg3 1/2-1/2

[Event "Paul Keres mem (47th)"]
[Site "Richmond CAN"]
[Date "2023.05.20"]
[Round "1.8"]
[White "Xu, Andrew"]
[Black "Huang, Patrick"]
[Result "0-1"]
[WhiteElo "1963"]
[BlackElo "2212"]
[PlyCount "118"]
[EventDate "2023.05.20"]
[EventType "swiss"]
[EventRounds "6"]
[EventCountry "CAN"]

1. e4 e6 2. d4 d5 3. Nd2 Be7 4. c3 c5 5. exd5 exd5 6. Ndf3 Qb6 7. h3 Nc6 8. Ne2
Nf6 9. dxc5 Bxc5 10. Ned4 O-O 11. Be2 Re8 12. O-O Ne4 13. Rb1 Nxc3 14. bxc3
Qxb1 15. Bd3 Qb6 16. Bxh7+ Kxh7 17. Ng5+ Kg8 18. Qh5 Ne5 19. Qh7+ Kf8 20. Re1
Qf6 21. Qh5 Nf3+ 22. Ngxf3 Rxe1+ 23. Nxe1 Kg8 24. Qxd5 Bxd4 25. cxd4 Qe7 26.
Nf3 Be6 27. Qh5 Bxa2 28. Be3 a5 29. d5 Rd8 30. d6 Qxd6 31. Qxa5 Be6 32. Qb5 Qd5
33. Qb2 Bxh3 34. Bg5 Re8 35. Qb4 Bf5 36. Be3 Be4 37. Ne1 b5 38. Kf1 Qc4+ 39.
Qxc4 bxc4 40. Ke2 Rd8 41. f3 Bb1 42. Bd2 f6 43. Bc3 Kf7 44. f4 Be4 45. g4 g6
46. Ke3 f5 47. g5 Ke6 48. Be5 Kd5 49. Kd2 Kc5+ 50. Kc1 Kb4 51. Nc2+ Bxc2 52.
Kxc2 Rd3 53. Bf6 Rf3 54. Be7+ Kb5 55. Bd6 Kc6 56. Be5 Kd5 57. Bc7 Ke4 58. Kd2
Rxf4 59. Bxf4 Kxf4 0-1

[Event "Paul Keres mem (47th)"]
[Site "Richmond CAN"]
[Date "2023.05.20"]
[Round "1.9"]
[White "Pechisker, Alfred"]
[Black "Taylor, Ashton"]
[Result "1-0"]
[WhiteElo "2211"]
[BlackElo "1935"]
[PlyCount "65"]
[EventDate "2023.05.20"]
[EventType "swiss"]
[EventRounds "6"]
[EventCountry "CAN"]

1. d4 d5 2. c4 e6 3. Nc3 Nf6 4. Nf3 c5 5. Bg5 cxd4 6. Nxd4 Be7 7. e3 O-O 8.
cxd5 Nxd5 9. Bxe7 Nxe7 10. Be2 a6 11. Bf3 Nbc6 12. Nxc6 Nxc6 13. Bxc6 bxc6 14.
O-O e5 15. Qf3 Qf6 16. Qxf6 gxf6 17. Rfd1 Be6 18. Rd6 Rfb8 19. b3 Rc8 20. Rc1
Kf8 21. Na4 Ke7 22. Rdxc6 Rxc6 23. Rxc6 Rd8 24. Kf1 Bd7 25. Rc7 Kd6 26. Ra7
Bb5+ 27. Ke1 Rd7 28. Rxd7+ Bxd7 29. Nc3 f5 30. b4 Be6 31. f4 exf4 32. exf4 Bd7
33. Kf2 {Time.} 1-0

[Event "Paul Keres mem (47th)"]
[Site "Richmond CAN"]
[Date "2023.05.20"]
[Round "1.10"]
[White "Reid, Euan"]
[Black "Villavieja, Butch"]
[Result "1/2-1/2"]
[WhiteElo "1923"]
[BlackElo "2209"]
[PlyCount "111"]
[EventDate "2023.05.20"]
[EventType "swiss"]
[EventRounds "6"]
[EventCountry "CAN"]

1. d4 Nf6 2. Nf3 g6 3. g3 Bg7 4. Bg2 O-O 5. O-O d6 6. b3 c5 7. Bb2 Ne4 8. Nbd2
f5 9. c4 Nc6 10. e3 cxd4 11. exd4 Nxd2 12. Qxd2 e5 13. d5 Ne7 14. a4 b6 15.
Rad1 h6 16. Nxe5 dxe5 17. d6 e4 18. Bxg7 Kxg7 19. dxe7 Qxe7 20. Qd6 Re8 21.
Rfe1 Bb7 22. Rd4 Qxd6 23. Rxd6 Re7 24. Red1 Rae8 25. h4 h5 26. R1d4 Kf7 27. Kf1
Bc8 28. Rd8 Be6 29. Rxe8 Rxe8 30. Ke2 Kf6 31. Ke3 g5 32. hxg5+ Kxg5 33. Bf1 Rh8
34. b4 h4 35. gxh4+ Rxh4 36. a5 bxa5 37. Rd6 Bxc4 38. Bxc4 Rh3+ 39. Ke2 axb4
40. Ra6 Rc3 41. Be6 f4 42. Rxa7 Rc2+ 43. Ke1 Rc1+ 44. Kd2 Rc6 45. Bd5 Rd6 46.
Ra5 Kf5 47. Ke2 Ke5 48. Bb3+ Kd4 49. Kd2 e3+ 50. fxe3+ fxe3+ 51. Ke2 Rh6 52.
Rd5+ Ke4 53. Rd8 Rh2+ 54. Ke1 Rb2 55. Bf7 Kf4 56. Rd6 1/2-1/2

[Event "Paul Keres mem (47th)"]
[Site "Richmond CAN"]
[Date "2023.05.20"]
[Round "2.1"]
[White "Huang, Patrick"]
[Black "Orlov, Georgi"]
[Result "0-1"]
[WhiteElo "2212"]
[BlackElo "2494"]
[PlyCount "60"]
[EventDate "2023.05.20"]
[EventType "swiss"]
[EventRounds "6"]
[EventCountry "CAN"]

1. d4 d5 2. Bf4 c5 3. e3 Nc6 4. c3 Qb6 5. Qb3 c4 6. Qc2 g6 7. e4 Nf6 8. Nd2 Na5
9. exd5 Bf5 10. Qa4+ Bd7 11. Qc2 Nxd5 12. Be5 f6 13. Nxc4 Nxc4 14. Bxc4 fxe5
15. Bxd5 exd4 16. Ne2 e6 17. Be4 dxc3 18. bxc3 Bc5 19. O-O Rf8 20. Rab1 Bxf2+
21. Kh1 Qc5 22. Rxb7 Rd8 23. Nc1 Be3 24. Bxg6+ Ke7 25. Bd3 Qd5 26. Rb4 Bc6 27.
Bc4 Qh5 28. Rxf8 Rxf8 29. Rb2 Bxg2+ 30. Kxg2 Qf3# 0-1

[Event "Paul Keres mem (47th)"]
[Site "Richmond CAN"]
[Date "2023.05.20"]
[Round "2.2"]
[White "Nunez Asencio, Jorge"]
[Black "Pechisker, Alfred"]
[Result "1-0"]
[WhiteElo "2333"]
[BlackElo "2211"]
[PlyCount "87"]
[EventDate "2023.05.20"]
[EventType "swiss"]
[EventRounds "6"]
[EventCountry "CAN"]

1. d4 Nf6 2. Nf3 g6 3. c4 Bg7 4. Nc3 O-O 5. e4 d6 6. h3 Nbd7 7. Be3 e5 8. d5
Nc5 9. Nd2 a5 10. g4 b6 11. Be2 Ne8 12. Qc2 f5 13. gxf5 gxf5 14. O-O-O f4 15.
Bxc5 bxc5 16. Bg4 Bf6 17. Rdg1 Kh8 18. Qd1 Ng7 19. Bxc8 Qxc8 20. a4 Rg8 21. Qg4
Qe8 22. Nb5 Qf7 23. Qf3 h5 24. Rg2 Kh7 25. Rhg1 Raf8 26. Qc3 Bd8 27. Nf3 Ne8
28. Qxa5 Rxg2 29. Rxg2 Rg8 30. Rxg8 Qxg8 31. Qa8 Bh4 32. Nxc7 Qg2 33. Nxe8 Qf1+
34. Kc2 Qxc4+ 35. Kb1 Qd3+ 36. Ka1 Qf1+ 37. Ne1 Qxe1+ 38. Ka2 Bf6 39. Nxf6+ Kg6
40. Ne8 Qxe4 41. Nxd6 Qd4 42. Qg8+ Kf6 43. Qf7+ Kg5 44. Qg7+ 1-0

[Event "Paul Keres mem (47th)"]
[Site "Richmond CAN"]
[Date "2023.05.20"]
[Round "2.3"]
[White "Leong, Aiden"]
[Black "Mackinnon, Keith"]
[Result "0-1"]
[WhiteElo "2083"]
[BlackElo "2319"]
[PlyCount "58"]
[EventDate "2023.05.20"]
[EventType "swiss"]
[EventRounds "6"]
[EventCountry "CAN"]

1. Nf3 Nf6 2. g3 b5 3. Bg2 Bb7 4. c4 bxc4 5. Qa4 e6 6. Na3 c5 7. Nxc4 Be7 8.
O-O O-O 9. Na5 Bd5 10. d4 Qb6 11. Be3 Qxb2 12. dxc5 Qxe2 13. Nd4 Qh5 14. Bxd5
Nxd5 15. c6 Nc3 16. Qc4 Qxa5 17. Bd2 Qa4 18. Qxc3 Bf6 19. Be3 Nxc6 20. Rfd1
Rfc8 21. Qd2 Ne5 22. Rac1 Rxc1 23. Qxc1 Qxa2 24. Qc7 Nc4 25. Rc1 d5 26. Nc6 Qb2
27. Nxa7 Nxe3 28. fxe3 h5 29. Nc8 Ra2 0-1

[Event "Paul Keres mem (47th)"]
[Site "Richmond CAN"]
[Date "2023.05.20"]
[Round "2.4"]
[White "Sali, Zulfikar"]
[Black "He, Matthew"]
[Result "1/2-1/2"]
[WhiteElo "2290"]
[BlackElo "2061"]
[PlyCount "82"]
[EventDate "2023.05.20"]
[EventType "swiss"]
[EventRounds "6"]
[EventCountry "CAN"]

1. e4 c6 2. d4 d5 3. f3 dxe4 4. fxe4 e5 5. Nf3 Bg4 6. Bc4 Nd7 7. O-O Ngf6 8. c3
b5 9. Bd3 Bd6 10. Be3 Qc7 11. h3 Bh5 12. a4 Rb8 13. Nbd2 a6 14. Qc2 O-O 15.
axb5 axb5 16. Ra6 Ra8 17. Rxa8 Rxa8 18. Nh4 Bg6 19. Ndf3 Qb8 20. Nxg6 hxg6 21.
Qb3 Qe8 22. Ng5 Qe7 23. Qc2 Ra5 24. Qf2 c5 25. d5 c4 26. Be2 Nc5 27. Qh4 Ncd7
28. Kh1 Bc5 29. Bc1 Ra1 30. Qg3 Rb1 31. Kh2 Bb6 32. Qh4 Bc5 33. Rd1 Bd6 34. Bf3
Nc5 35. Be3 Rxb2 36. Ra1 Na4 37. Bd1 Bc5 38. Bc1 Bf2 39. g3 Bg1+ 40. Kh1 Rh2+
41. Kxg1 Qc5+ 1/2-1/2

[Event "Paul Keres mem (47th)"]
[Site "Richmond CAN"]
[Date "2023.05.20"]
[Round "2.5"]
[White "Harms, Reece"]
[Black "Fuentebella, Mayo"]
[Result "0-1"]
[WhiteElo "1793"]
[BlackElo "2271"]
[PlyCount "104"]
[EventDate "2023.05.20"]
[EventType "swiss"]
[EventRounds "6"]
[EventCountry "CAN"]

1. e4 c5 2. Nc3 d6 3. Bb5+ Nd7 4. a4 a6 5. Be2 e6 6. f4 b6 7. Nf3 Bb7 8. O-O
Qc7 9. Qe1 Ngf6 10. d3 Be7 11. Qg3 Kf8 12. e5 Nd5 13. Ne4 f5 14. Neg5 Bxg5 15.
Nxg5 Re8 16. Qh3 Kg8 17. Bh5 g6 18. exd6 Qxd6 19. Bxg6 Re7 20. Bh5 Rg7 21. Bd2
h6 22. Nf3 Nxf4 23. Bxf4 Qxf4 24. Rae1 Nf8 25. c3 Kh7 26. Nh4 Qxa4 27. Rxf5
Rhg8 28. Rf2 Qd7 29. Bf3 Qxd3 30. Rd1 Qc4 31. Bxb7 Rxb7 32. Rdf1 Ng6 33. Rf7+
Rxf7 34. Rxf7+ Rg7 35. Rxg7+ Kxg7 36. Qg3 Qxh4 37. Qc7+ Kf6 38. Qd8+ Kf7 39.
Qc7+ Ne7 40. g3 Qc4 41. Qxb6 Qb5 42. Qc7 Qxb2 43. Qxc5 Qb5 44. Qf2+ Qf5 45. Qd2
h5 46. c4 Qc5+ 47. Qf2+ Qxf2+ 48. Kxf2 a5 49. Ke3 Nc6 50. Kd3 e5 51. h3 a4 52.
Kc3 e4 0-1

[Event "Paul Keres mem (47th)"]
[Site "Richmond CAN"]
[Date "2023.05.20"]
[Round "2.6"]
[White "Doknjas, Neil"]
[Black "Barbosa Landre, Geraldo"]
[Result "1-0"]
[WhiteElo "2243"]
[BlackElo "1896"]
[PlyCount "59"]
[EventDate "2023.05.20"]
[EventType "swiss"]
[EventRounds "6"]
[EventCountry "CAN"]

1. e4 e6 2. d4 d5 3. Nc3 dxe4 4. Nxe4 Bd7 5. Nf3 Bc6 6. Bd3 Nd7 7. O-O Ngf6 8.
Ng3 Be7 9. c4 Bxf3 10. Qxf3 c6 11. Bf4 Qb6 12. Ne2 O-O 13. Rfd1 Rfe8 14. a3 a5
15. g4 g6 16. h4 Bf8 17. Ng3 Kg7 18. h5 Ng8 19. Be3 Qc7 20. Kg2 Be7 21. g5 f5
22. c5 Qd8 23. hxg6 hxg6 24. Qf4 Qb8 25. Qh4 Bd8 26. Rh1 Nf8 27. Nxf5+ gxf5 28.
Qh8+ Kf7 29. g6+ Ke7 30. Qg7# 1-0

[Event "Paul Keres mem (47th)"]
[Site "Richmond CAN"]
[Date "2023.05.20"]
[Round "2.7"]
[White "Wang, Ted"]
[Black "Jiang, Brandon"]
[Result "1-0"]
[WhiteElo "1908"]
[BlackElo "2218"]
[PlyCount "89"]
[EventDate "2023.05.20"]
[EventType "swiss"]
[EventRounds "6"]
[EventCountry "CAN"]

1. e4 e5 2. Nf3 Nc6 3. Bc4 Bc5 4. c3 Nf6 5. d3 O-O 6. Bb3 a5 7. Nbd2 d5 8. O-O
Be6 9. Ba4 Bd6 10. Re1 dxe4 11. dxe4 Ne7 12. Qe2 c6 13. Bc2 Ng6 14. Nf1 a4 15.
Ng3 Re8 16. Rd1 Qc7 17. h3 Nf4 18. Bxf4 exf4 19. Nf1 Nd7 20. N1d2 a3 21. b3 Be5
22. Nd4 c5 23. Nb5 Qc6 24. Nf3 Ra5 25. Nxe5 Nxe5 26. c4 f3 27. Qe3 Bxh3 28.
gxh3 Qg6+ 29. Kf1 Qg2+ 30. Ke1 Qxh3 31. Kd2 Ng4 32. Qxc5 Qh6+ 33. Kc3 Qf6+ 34.
Qd4 Qg5 35. b4 Raa8 36. Nd6 Red8 37. c5 h5 38. Bb3 Ne5 39. Bd5 Rab8 40. Rg1 Qf6
41. Nxf7 Rxd5 42. exd5 Kxf7 43. Rae1 Re8 44. Re4 h4 45. Rf4 1-0

[Event "Paul Keres mem (47th)"]
[Site "Richmond CAN"]
[Date "2023.05.20"]
[Round "2.8"]
[White "Villavieja, Butch"]
[Black "Zhu, Brandon"]
[Result "1-0"]
[WhiteElo "2209"]
[BlackElo "2027"]
[PlyCount "129"]
[EventDate "2023.05.20"]
[EventType "swiss"]
[EventRounds "6"]
[EventCountry "CAN"]

1. e4 e5 2. Nf3 Nf6 3. Nxe5 d6 4. Nf3 Nxe4 5. d4 d5 6. Bd3 Be7 7. O-O O-O 8. c4
c6 9. Nc3 Nxc3 10. bxc3 Nd7 11. Re1 Nf6 12. h3 h6 13. Ne5 Re8 14. Qf3 Bf8 15.
Rb1 g6 16. cxd5 cxd5 17. Bb5 Re6 18. Bd3 Bg7 19. Bd2 Rb6 20. Qe2 Ne4 21. Bxe4
dxe4 22. Nc4 Re6 23. Bf4 b6 24. Ne3 Re8 25. Qd2 g5 26. Bh2 f5 27. Nf1 f4 28. h4
Bf5 29. Rb5 Bg6 30. hxg5 hxg5 31. Qd1 Kh7 32. Qg4 Bf6 33. g3 f3 34. Ne3 Qc8 35.
Qxc8 Raxc8 36. Nd5 Kg7 37. g4 Bd8 38. Rc1 Re6 39. Be5+ Kf7 40. Ne3 Rec6 41. c4
Bf6 42. Bxf6 Kxf6 43. Rd1 Bf7 44. Rf5+ Kg6 45. d5 Rd6 46. Re5 Re8 47. Rxe8 Bxe8
48. Rd4 Kf6 49. Rxe4 Bg6 50. Rd4 Ke5 51. Rd2 Rf6 52. a4 Kd6 53. a5 Kc5 54. axb6
Rxb6 55. Kh2 a5 56. Kg3 Be4 57. Nf5 a4 58. Ng7 a3 59. Ne6+ Kxc4 60. d6 Rb2 61.
Rd4+ Kc3 62. Rxe4 a2 63. Ra4 Rd2 64. Rxa2 Rxd6 65. Nxg5 1-0

[Event "Paul Keres mem (47th)"]
[Site "Richmond CAN"]
[Date "2023.05.20"]
[Round "2.9"]
[White "Qin, Kaiqi"]
[Black "Moura, Eduardo"]
[Result "1/2-1/2"]
[WhiteElo "1866"]
[BlackElo "2201"]
[PlyCount "46"]
[EventDate "2023.05.20"]
[EventType "swiss"]
[EventRounds "6"]
[EventCountry "CAN"]

1. e4 c5 2. c3 Nf6 3. e5 Nd5 4. d4 cxd4 5. Nf3 Nc6 6. cxd4 d6 7. Bc4 e6 8. O-O
Be7 9. Qe2 O-O 10. Rd1 Nb6 11. Bb3 d5 12. Nc3 Bd7 13. Bc2 f5 14. exf6 Bxf6 15.
Ne5 g6 16. f4 Rc8 17. Qg4 Qe8 18. h4 Bg7 19. h5 Nxe5 20. fxe5 gxh5 21. Qg3 Kh8
22. Qd3 Qg6 23. Qxg6 hxg6 1/2-1/2

[Event "Paul Keres mem (47th)"]
[Site "Richmond CAN"]
[Date "2023.05.20"]
[Round "2.10"]
[White "Wu, Nathan"]
[Black "Su, Ethan"]
[Result "0-1"]
[WhiteElo "1973"]
[BlackElo "2104"]
[PlyCount "86"]
[EventDate "2023.05.20"]
[EventType "swiss"]
[EventRounds "6"]
[EventCountry "CAN"]

1. d4 d5 2. Nc3 e6 3. Bf4 Bd6 4. e3 a6 5. Nf3 c5 6. Ne5 Nf6 7. Be2 Qc7 8. O-O
Nbd7 9. Nxd7 Bxd7 10. Bxd6 Qxd6 11. dxc5 Qxc5 12. a4 e5 13. Bf3 Be6 14. Re1 O-O
15. e4 d4 16. Nd5 Bxd5 17. exd5 Rfe8 18. Qd3 Nxd5 19. Bxd5 Qxd5 20. Red1 Red8
21. c3 Qc6 22. cxd4 Rxd4 23. Qb3 Rad8 24. Rac1 Rxd1+ 25. Rxd1 Rd4 26. h3 h6 27.
a5 Qb5 28. Qc2 Rxd1+ 29. Qxd1 Qxa5 30. Qc2 Qd5 31. h4 g6 32. Kh2 Kg7 33. g4 a5
34. Kg3 Qd4 35. Qe2 b6 36. Kh3 e4 37. Qe1 Qxb2 38. Qxe4 Qxf2 39. Qc4 Qb2 40.
Qd5 a4 41. g5 Qb3+ 42. Qxb3 axb3 43. gxh6+ Kxh6 0-1